00250nam a22001097a 4500003000400000020001800004082001400022100002000036245004900056260002700105300000800132SGT a9788188012848 a070bS18K aKUNDU, AMALENDU aSHADOW OF THE DRAGON AND RECENT DEVELOPMENTS bPOETS FOUNDATIONc2018 a399